| 000 | 00676nam a2200241 i 4500 | ||
|---|---|---|---|
| 001 | 15264 | ||
| 003 | ES-MaACL | ||
| 005 | 20230906151028.0 | ||
| 007 | t| | ||
| 008 | 000210s1999 sp ||||0| spa | ||
| 020 | _a84-8310-656-6 | ||
| 080 | _a821.111-31"19" | ||
| 100 | 1 |
_aLowry, Malcolm. _974391 |
|
| 245 | 1 | 0 |
_aBajo el volcán / _cMalcolm Lowry ; traducción de Raúl Ortiz y Ortiz. |
| 250 | _a1ª ed en Fábula. | ||
| 260 |
_aBarcelona : _bTusquets, _c1999. |
||
| 300 |
_a415 p. ; _c20 cm. |
||
| 490 | 1 |
_aFábula ; _v128 |
|
| 700 | 1 |
_aOrtiz y Ortiz, Raúl. _987659 |
|
| 830 | 1 |
_aFábula ; _v128 _9179737 |
|
| 852 |
_aES-MaACL _jL-22556 |
||
| 999 |
_c15264 _d15264 |
||